Hard-selling cez obrazovku

Zvyšovanie efektu reklamy. Bezprostredný vplyv reklamy na správanie spotrebiteľa deň pred nákupom. Nakupovanie priamo od obrazovky. Teleshopping v slovenských podmienkach. Reklamné televízne spoty.

Guardado en:
Detalles Bibliográficos
Autor principal: Batíková, Nataša
Formato: Capítulo de libro
Lenguaje:eslovaco
Materias:
Etiquetas: Agregar Etiqueta
Sin Etiquetas, Sea el primero en etiquetar este registro!

MARC

LEADER 00000naa a2200000 4500
001 r040112
005 20231002131140.5
041 0 |a slo 
044 |a SK 
245 1 0 |a Hard-selling cez obrazovku  |c Nataša Batíková 
520 |a Zvyšovanie efektu reklamy. Bezprostredný vplyv reklamy na správanie spotrebiteľa deň pred nákupom. Nakupovanie priamo od obrazovky. Teleshopping v slovenských podmienkach. Reklamné televízne spoty. 
610 2 0 |a reklama 
610 2 0 |a adresnosť reklamy 
610 2 0 |a správanie spotrebiteľa 
610 2 0 |a televízia 
610 2 0 |a predaj 
610 2 0 |a komunikácia 
100 1 |a Batíková, Nataša